000 01204nam a2200385 c 4500
001 52957
003 ES-MaCES
005 20250203133308.0
008 231218s2023 sp f 000 ||spa d
017 _aM 24172-2023
_bDL
020 _a9788430987894
040 _aES-MaCES
_bspa
_cES-MaCES
100 1 _aMontoya Melgar, Alfredo
_918942
245 1 0 _aDerecho del Trabajo
_cAlfredo Montoya Melgar
250 _a44ª ed. rev. y act. por Antonio V. Sempere Navarro
260 _aMadrid
_bTecnos
_c2023
300 _a943 p.
_c24 cm
500 _aÍndices
504 _aBibliografía
541 _cCompra
650 4 _aderecho del trabajo
_927165
650 4 _arelaciones laborales
_928369
650 4 _anegociación colectiva
_928362
650 4 _acondiciones de trabajo
_928327
650 4 _anorma internacional del trabajo
_930609
650 4 _aderecho comunitario
_929866
650 4 _aEspaña
_926964
650 4 _aUE
_926752
650 4 _amanual
_929264
653 1 0 _aDerecho del trabajo y Seguridad Social
700 1 _923834
_aSempere Navarro, Antonio Vicente
_eed. lit.
775 0 _tDerecho del Trabajo
_w(ES-MaCES)52529
902 _aLIB Libro
942 _2CES
_cBK
_h6.0.1.
999 _c52957
_d52957